00556 2200193 4500001002100000005001500021035002000036007000300056008003900059082000700098084001300105100001500118245012300133250001000256260004600266300002500312600001000337990001500347INLIS00000000000989220260417020126 a0010-0426000299ta260417 | | |  a81 a81 ADR i0 aADRI SIPET1 aIMPLEMENTASI SISTEM MANAJEMEN INFORMASI PIMPINAN (SIAP) DI SEKRETARIAT DAERAH PROVINSI KALIMANTAN TENGAH /cADRI SIPET aCet 1 aPalangka Raya :bPerpustakaan UMPR,c2022 avii, 58 hlm :bilus. 4aTESIS a2081010755